• 首页
  • 本馆介绍
  • 公告通知
  • 最新文献
  • 馆藏检索
  • 电子资源
  • 读者导购
  • 参考咨询
  • 我的图书馆
  • 登录
  • 详细信息显示
  • 放入我的书架
  • 预约/预借图书
  • 作者相关作品
  • 分类相关作品
  • 丛书相关作品
  • 出版社相关作品

书目信息

  • 表格格式
  • 工作单格式
  • 卡片格式
题名:
电影剧作结构样式
    
 
作者: 汪流 著
分册:  
出版信息: 北京   中国广播电视出版社  1999.06
页数: 279页
开本: 32开
丛书名:
单 册:
中图分类: J904
科图分类:
主题词: 电影-结构-高等学校-教材 , 电影-对比研究-西方国家-高等学校-教材--艺术
电子资源:
ISBN: 7-5043-3300-X
000 00563nam0 2200205 45
001 0006271066
005 20031219104045.7
010    @a7-5043-3300-X@dCNY18.00
100    @a20000627d1999 km y0chiy0120 ea
101    @achi
105    @a z 000yy
200 1  @a电影剧作结构样式@f汪流著
210    @a北京@c中国广播电视出版社@d1999.06
215    @a279页@d32开
606 0  @a电影-结构-高等学校-教材
606 0  @a电影-对比研究-西方国家-高等学校-教材@x艺术
690    @aJ904@v1
701    @a汪流@4著
801    @aCN@bTSTC@c20000627
905    @b289362-364@dJ904@f3@e60
    
    电影剧作结构样式/汪流著.-北京:中国广播电视出版社,1999.06
    279页;32开
    
    
    ISBN 7-5043-3300-X:CNY18.00
    
●
相关链接 在E读中查询图书 在五车中查询图书 在当当中查询图书 在豆瓣中查询图书


正题名:电影剧作结构样式     索取号:J904/60         预约/预借

序号 登录号 条形码 馆藏地/架位号 状态 备注
1 0289362   002893621   第一借阅区/ [索取号:J904/60] 在馆    
2 0289363   002893630   第一借阅区/ [索取号:J904/60] 在馆    
3 0289364   002893649   第一样本阅览室/ [索取号:J904/60] 在馆    
唐山师范学院图书馆 欢迎您!
大连网信软件有限公司© 版权所有